<?xml version="1.0" encoding="UTF-8"?>
<collection xmlns="http://www.loc.gov/MARC21/slim">
 <record>
  <leader>02917cam a2200301 a 4500</leader>
  <controlfield tag="001">1/45316</controlfield>
  <controlfield tag="008">140822s1999    us            001 0 eng  </controlfield>
  <datafield tag="020" ind1=" " ind2=" ">
   <subfield code="a">9780884158226</subfield>
  </datafield>
  <datafield tag="020" ind1=" " ind2=" ">
   <subfield code="a">0884158225</subfield>
  </datafield>
  <datafield tag="035" ind1=" " ind2=" ">
   <subfield code="l">48276</subfield>
  </datafield>
  <datafield tag="040" ind1=" " ind2=" ">
   <subfield code="a">OPELS</subfield>
   <subfield code="b">eng</subfield>
   <subfield code="c">OPELS</subfield>
   <subfield code="d">OCLCG</subfield>
   <subfield code="d">OCLCQ</subfield>
   <subfield code="d">OPELS</subfield>
   <subfield code="d">OCLCQ</subfield>
   <subfield code="d">OCLCF</subfield>
   <subfield code="d">GR-PeUP</subfield>
  </datafield>
  <datafield tag="100" ind1="1" ind2=" ">
   <subfield code="a">Arnold, Ken,</subfield>
   <subfield code="d">1942-</subfield>
  </datafield>
  <datafield tag="245" ind1="1" ind2="0">
   <subfield code="a">Surface production operations.</subfield>
   <subfield code="n">Volume 2,</subfield>
   <subfield code="p">Design of gas-handling systems and facilities</subfield>
   <subfield code="h">[electronic resource] /</subfield>
   <subfield code="c">Ken Arnold, Maurice Stewart.</subfield>
  </datafield>
  <datafield tag="250" ind1=" " ind2=" ">
   <subfield code="a">2nd ed.</subfield>
  </datafield>
  <datafield tag="260" ind1=" " ind2=" ">
   <subfield code="a">Houston, Tex. :</subfield>
   <subfield code="b">Gulf Pub. Co.,</subfield>
   <subfield code="c">c1998-c1999.</subfield>
  </datafield>
  <datafield tag="300" ind1=" " ind2=" ">
   <subfield code="a">1 online resource :</subfield>
   <subfield code="b">ill.</subfield>
  </datafield>
  <datafield tag="520" ind1=" " ind2=" ">
   <subfield code="a">This revised edition puts the most current information about gas-handling systems and facilities at your fingertips. The authors channeled their classroom and field experience into this volume, which features many new sections such as: * Heat recovery units * Kinetic inhibitors and anti-agglomerators * Trays and packing for distillation and absorption towers * Compressor valves * Foundation design considerations for reciprocating compressors * Pressure vessel issues and components * Nox reduction in engines and turbines * Safety management systems This book walks you through the equipment and processes used in gas-handling operations to help you design and manage a production facility. Production engineers will keep this volume on the desktop for the latest information on how to DESIGN, SPECIFY, and OPERATE gas-handling systems and facilities. The book allows engineers with little or background in production facility design to easily locate details about equipment, processes, and design parameters. With this volume, you will more completely comprehend the techniques of handling produced fluids from gas wells so your facility can be more efficient and productive. * Revised edition puts the most current information about gas-handling systems at your fingertips * Features brand new sections!</subfield>
  </datafield>
  <datafield tag="505" ind1="0" ind2=" ">
   <subfield code="a">Overview of gas-handling facilities -- Heat transfer theory -- Heat exchangers -- Hydrates -- LTX units and indirect fired heaters -- Condensate stabilization -- Acid gas treating -- Gas dehydration -- Gas processing -- Compressors -- Reciprocating compressors -- Mechanical design of pressure vessels -- Pressure relief -- Safety systems -- Valves, fittings, and piping details -- Prime movers -- Electrical systems.</subfield>
  </datafield>
  <datafield tag="504" ind1=" " ind2=" ">
   <subfield code="a">Includes bibliographical references and indexes.</subfield>
  </datafield>
  <datafield tag="650" ind1=" " ind2="4">
   <subfield code="a">Petroleum engineering</subfield>
   <subfield code="x">Equipment and supplies.</subfield>
  </datafield>
  <datafield tag="650" ind1=" " ind2="4">
   <subfield code="a">Oil fields</subfield>
   <subfield code="x">Equipment and supplies.</subfield>
  </datafield>
  <datafield tag="650" ind1=" " ind2="4">
   <subfield code="a">Oil fields</subfield>
   <subfield code="x">Production methods.</subfield>
  </datafield>
  <datafield tag="655" ind1=" " ind2="4">
   <subfield code="a">Electronic books.</subfield>
  </datafield>
  <datafield tag="700" ind1="1" ind2=" ">
   <subfield code="a">Stewart, Maurice.</subfield>
  </datafield>
  <datafield tag="852" ind1=" " ind2=" ">
   <subfield code="a">INST</subfield>
   <subfield code="b">UNIPILB</subfield>
   <subfield code="c">EBOOKS</subfield>
   <subfield code="e">20140825</subfield>
   <subfield code="p">00b48276</subfield>
   <subfield code="q">00b48276</subfield>
   <subfield code="t">ONLINE</subfield>
   <subfield code="y">0</subfield>
  </datafield>
  <datafield tag="856" ind1="4" ind2="0">
   <subfield code="3">ScienceDirect</subfield>
   <subfield code="u">http://www.sciencedirect.com/science/book/9780884158226</subfield>
  </datafield>
  <datafield tag="856" ind1="4" ind2=" ">
   <subfield code="d">/webopac/covers/03/48276_9780884158226.jpg</subfield>
  </datafield>
  <datafield tag="856" ind1="4" ind2=" ">
   <subfield code="d">/webopac/covers/03/48276_0884158225.jpg</subfield>
  </datafield>
 </record>
</collection>
